10 Najwyższych budynków w Polsce (z yellowboxem) - Statystyki

Ogólne statystyki
  • Ten quiz został rozwiązany 8 razy
  • Średni wynik to 8 z 10
Statystyki odpowiedzi
# Nazwa Miasto Wysokość
Całkowita (m)
L. Kondygnacji % Poprawnych
1 Varso Warszawa 310 55
100%
2 PałacKultury i Nauki Warszawa 237 42
100%
6 W___ TradeTower Warszawa 208 43
88%
10 Złota 44 Warszawa 192 54
88%
5 Sky Tower Wrocław 212 51
88%
4 W___Spire Warszawa 220 49
75%
7 W___ Unit Warszawa 202 46
75%
8 Sky Liner Warszawa 195 45
75%
9 Q22 Warszawa 159 42
75%
3 OlszynkiPark Rzeszów 220,6 41
63%
Nie znaleziono quizów pasujących do podanych kryteriów
Rozkład punktacji
Procent ludzi z każdym wynikiem
Percentyl według liczby udzielonych odpowiedzi
Twoja historia wyników
Nie rozwiązałeś tego quizu